| 000 | 00888nam a22002417a 4500 | ||
|---|---|---|---|
| 001 | 5829 | ||
| 003 | FISKH | ||
| 005 | 20250123142936.0 | ||
| 008 | 250123b cb ||||| |||| 00| 0 eng d | ||
| 020 | _a9780198393030 | ||
| 040 |
_aFISKH _beng _cFISKH _dFISKH |
||
| 050 | _aPZ7 | ||
| 082 | _a910 | ||
| 100 | _aGallagher, RoseMarie | ||
| 245 |
_ageog.2 : _b4th edition / _cby RoseMarie Gallagher and Richard Parish |
||
| 260 |
_aOxford : _bOxford University Press , _c2014. |
||
| 300 |
_a144 pages : _bcolor illustrations , maps ; _c28 cm . |
||
| 520 | _aThe students' book is revised and updated to deliver the revised Programme of Study for Key Stage 3 (from 2008). Contains direct, student-friendly language with illustrated step-by-step explanations. | ||
| 650 |
_aGeography- Stage 3 _vnon-fiction |
||
| 700 |
_aParish, Richard _eauthor |
||
| 942 |
_2ddc _cBK _n0 |
||
| 999 |
_c5829 _d5829 |
||